000 00506nmm a2200157Ia 4500
008 251105s9999||||xx |||||||||||||||||und||
020 _a9788431541019
041 _aspa
100 _aPhillips, Charles
245 0 _aActiva tu memoria. ¡No te olvidarás de nada!
264 _a[Madrid, España] :
_bDe Vecchi,
_c[Fecha de publicación no identificada]
300 _a0 páginas
650 _aSelf-help and personal development
856 _uhttps://public.digitaliapublishing.com/a/121514
942 _cCF
999 _c81582
_d81582